[Event "Stay Safe Play From Home 129"]
[Site "T#645801Emanuel Laske"]
[Date "2020.05.07"]
[Round "5"]
[White "Haris kollari 13"]
[Black "matanant"]
[Result "0-1"]
[WhiteElo "1673"]
[BlackElo "1622"]
[Annotator "NA"]
[PlyCount "74"]
[EventDate "2020.05.07"]
[EventType "swiss (blitz)"]

1. e3 {[%emt 0:00:01]} d5 {[%emt 0:00:02]} 2. f4 {[%emt 0:00:01]} c5 {[%emt 0:00:01]} 3. c3 {[%emt 0:00:01]} Nc6 {[%emt 0:00:00]} 4. d4 {[%emt 0:00:01]} Bf5 {[%emt 0:00:04]} 5. Nf3 {[%emt 0:00:01]} e6 {[%emt 0:00:01]} 6. Bb5 {[%emt 0:00:02]} Rc8 {[%emt 0:00:03]} 7. Nbd2 {[%emt 0:00:02]} a6 {[%emt 0:00:02]} 8. Ba4 {[%emt 0:00:02]} b5 {[%emt 0:00:02]} 9. Bc2 {[%emt 0:00:01]} Bxc2 {[%emt 0:00:04]} 10. Qxc2 {[%emt 0:00:01]} Nf6 {[%emt 0:00:01]} 11. O-O {[%emt 0:00:02]} Qb6 {[%emt 0:00:04]} 12. Ne5 {[%emt 0:00:01]} Bd6 {[%emt 0:00:03]} 13. Nxc6 {[%emt 0:00:02]} Rxc6 {[%emt 0:00:02]} 14. Qd3 {[%emt 0:00:01]} O-O {[%emt 0:00:02]} 15. Nf3 {[%emt 0:00:01]} Ne4 {[%emt 0:00:02]} 16. Bd2 {[%emt 0:00:01]} f6 {[%emt 0:00:03]} 17. Rac1 {[%emt 0:00:01]} c4 {[%emt 0:00:02]} 18. Qe2 {[%emt 0:00:02]} a5 {[%emt 0:00:00]} 19. Be1 {[%emt 0:00:02]} b4 {[%emt 0:00:02]} 20. Nd2 {[%emt 0:00:03]} Nxd2 {[%emt 0:00:02]} 21. Qxd2 {[%emt 0:00:01]} Rb8 {[%emt 0:00:00]} 22. Bf2 {[%emt 0:00:06]} bxc3 {[%emt 0:00:02]} 23. bxc3 {[%emt 0:00:01]} Ba3 {[%emt 0:00:02]} 24. Rb1 {[%emt 0:00:02]} Qxb1 {[%emt 0:00:01]} 25. Rxb1 {[%emt 0:00:01]} Rxb1+ {[%emt 0:00:00]} 26. Be1 {[%emt 0:00:00]} Rcb6 {[%emt 0:00:00]} 27. h3 {[%emt 0:00:03]} R6b2 {[%emt 0:00:01]} 28. Kf2 {[%emt 0:00:05]} Rxa2 {[%emt 0:00:00]} 29. Ke2 {[%emt 0:00:03]} Rxd2+ {[%emt 0:00:01]} 30. Bxd2 {[%emt 0:00:02]} Rb2 {[%emt 0:00:00]} 31. g4 {[%emt 0:00:01]} Ra2 {[%emt 0:00:00]} 32. h4 {[%emt 0:00:02]} Bb2 {[%emt 0:00:00]} 33. f5 {[%emt 0:00:01]} Bxc3 {[%emt 0:00:01]} 34. Kf3 {[%emt 0:00:02]} Rxd2 {[%emt 0:00:00]} 35. fxe6 {[%emt 0:00:01]} Kf8 {[%emt 0:00:00]} 36. g5 {[%emt 0:00:01]} Ke7 {[%emt 0:00:00]} 37. h5 {[%emt 0:00:01]} Kxe6 {[%emt 0:00:00] Time (Lag: Av=1.03s, max=15.4s)} 0-1

[Event "Stay Safe Play From Home 129"]
[Site "T#645801Emanuel Laske"]
[Date "2020.05.07"]
[Round "5"]
[White "Umitkarabulut03"]
[Black "Lazieri3"]
[Result "0-1"]
[WhiteElo "1652"]
[BlackElo "1996"]
[Annotator "NA"]
[PlyCount "92"]
[EventDate "2020.05.07"]
[EventType "swiss (blitz)"]

1. d4 {[%emt 0:00:01]} c6 {[%emt 0:00:00]} 2. c4 {[%emt 0:00:01]} d5 {[%emt 0:00:00]} 3. cxd5 {[%emt 0:00:01]} cxd5 {[%emt 0:00:00]} 4. Nc3 {[%emt 0:00:00]} Nc6 {[%emt 0:00:00]} 5. Nf3 {[%emt 0:00:01]} Nf6 {[%emt 0:00:00]} 6. Bg5 {[%emt 0:00:01]} Bf5 {[%emt 0:00:01]} 7. Bxf6 {[%emt 0:00:01]} gxf6 {[%emt 0:00:01]} 8. e3 {[%emt 0:00:00]} e6 {[%emt 0:00:01]} 9. Bd3 {[%emt 0:00:01]} Bxd3 {[%emt 0:00:01]} 10. Qxd3 {[%emt 0:00:01]} Bb4 {[%emt 0:00:00]} 11. a3 {[%emt 0:00:01]} Bxc3+ {[%emt 0:00:00]} 12. bxc3 {[%emt 0:00:01]} O-O {[%emt 0:00:01]} 13. O-O {[%emt 0:00:01]} f5 {[%emt 0:00:01]} 14. Rfb1 {[%emt 0:00:01]} b6 {[%emt 0:00:01]} 15. c4 {[%emt 0:00:02]} dxc4 {[%emt 0:00:02]} 16. Qxc4 {[%emt 0:00:01]} Qd6 {[%emt 0:00:02]} 17. Rc1 {[%emt 0:00:03]} Rac8 {[%emt 0:00:01]} 18. Qd3 {[%emt 0:00:03]} Na5 {[%emt 0:00:03]} 19. Qd2 {[%emt 0:00:03]} Nb3 {[%emt 0:00:03]} 20. Qb2 {[%emt 0:00:07]} Nxc1 {[%emt 0:00:03]} 21. Rxc1 {[%emt 0:00:01]} Rxc1+ {[%emt 0:00:01]} 22. Qxc1 {[%emt 0:00:00]} b5 {[%emt 0:00:04]} 23. Ne5 {[%emt 0:00:01]} a5 {[%emt 0:00:01]} 24. Qb2 {[%emt 0:00:05]} b4 {[%emt 0:00:01]} 25. axb4 {[%emt 0:00:01]} Qxb4 {[%emt 0:00:01]} 26. Qxb4 {[%emt 0:00:05]} axb4 {[%emt 0:00:01]} 27. Nd3 {[%emt 0:00:00]} b3 {[%emt 0:00:01]} 28. Kf1 {[%emt 0:00:00]} Ra8 {[%emt 0:00:01]} 29. Ke2 {[%emt 0:00:01]} Ra2+ {[%emt 0:00:00]} 30. Kd1 {[%emt 0:00:01]} Kg7 {[%emt 0:00:05]} 31. Kc1 {[%emt 0:00:01]} Kf6 {[%emt 0:00:02]} 32. Kb1 {[%emt 0:00:02]} Rd2 {[%emt 0:00:02]} 33. Nc5 {[%emt 0:00:02]} Rxf2 {[%emt 0:00:01]} 34. Nxb3 {[%emt 0:00:01]} Rxg2 {[%emt 0:00:00]} 35. Nc1 {[%emt 0:00:01]} Rxh2 {[%emt 0:00:01]} 36. Nd3 {[%emt 0:00:00]} Re2 {[%emt 0:00:02]} 37. Nc5 {[%emt 0:00:01]} Rxe3 {[%emt 0:00:01]} 38. d5 {[%emt 0:00:00]} Re2 {[%emt 0:00:02]} 39. Nd7+ {[%emt 0:00:00]} Ke7 {[%emt 0:00:01]} 40. dxe6 {[%emt 0:00:00]} fxe6 {[%emt 0:00:01]} 41. Kc1 {[%emt 0:00:00]} Kxd7 {[%emt 0:00:01]} 42. Kd1 {[%emt 0:00:00]} Re4 {[%emt 0:00:00]} 43. Kd2 {[%emt 0:00:01]} h5 {[%emt 0:00:00]} 44. Kd3 {[%emt 0:00:00]} h4 {[%emt 0:00:00]} 45. Kd2 {[%emt 0:00:00]} h3 {[%emt 0:00:00]} 46. Kd3 {[%emt 0:00:00]} h2 {[%emt 0:00:00] Umitkarabulut03 terk eder (Lag: Av=0.69s, max=2.5s)} 0-1

[Event "Stay Safe Play From Home 129"]
[Site "T#645801Emanuel Laske"]
[Date "2020.05.07"]
[Round "6"]
[White "Lamborghini"]
[Black "Onlyforchess"]
[Result "0-1"]
[WhiteElo "2310"]
[BlackElo "2498"]
[Annotator "RC"]
[PlyCount "58"]
[EventDate "2020.05.07"]
[EventType "swiss (blitz)"]

1. e4 {[%emt 0:00:03]} c5 {[%emt 0:00:00]} 2. Nf3 {[%emt 0:00:01]} Nc6 {[%emt 0:00:01]} 3. d4 {[%emt 0:00:01]} cxd4 {[%emt 0:00:00]} 4. Nxd4 {[%emt 0:00:01]} e5 {[%emt 0:00:00]} 5. Nb5 {[%emt 0:00:01]} d6 {[%emt 0:00:00]} 6. N1c3 {[%emt 0:00:01]} a6 {[%emt 0:00:00]} 7. Na3 {[%emt 0:00:01]} b5 {[%emt 0:00:00]} 8. Nd5 {[%emt 0:00:01]} Nge7 {[%emt 0:00:00]} 9. c4 {[%emt 0:00:01]} Nd4 {[%emt 0:00:00]} 10. Bd3 {[%emt 0:00:01]} Nxd5 {[%emt 0:00:00]} 11. cxd5 {[%emt 0:00:01]} g6 {[%emt 0:00:00]} 12. O-O {[%emt 0:00:01]} Bg7 {[%emt 0:00:00]} 13. Be3 {[%emt 0:00:01]} O-O {[%emt 0:00:00]} 14. Bxd4 {[%emt 0:00:01]} exd4 {[%emt 0:00:00]} 15. Nc2 {[%emt 0:00:01]} Re8 {[%emt 0:00:00]} 16. a4 {[%emt 0:00:01]} Bd7 {[%emt 0:00:01]} 17. axb5 {[%emt 0:00:01]} axb5 {[%emt 0:00:00]} 18. Rxa8 {[%emt 0:00:01]} Qxa8 {[%emt 0:00:00]} 19. Nb4 {[%emt 0:00:01]} Qa7 {[%emt 0:00:03]} 20. Qb3 {[%emt 0:00:01]} Qc5 {[%emt 0:00:01]} 21. h3 {[%emt 0:00:01]} h5 {[%emt 0:00:01]} 22. Re1 {[%emt 0:00:03]} Bh6 {[%emt 0:00:01]} 23. Nc6 {[%emt 0:00:03]} b4 {[%emt 0:00:04]} 24. Qxb4 {[%emt 0:00:03]} Qxb4 {[%emt 0:00:01]} 25. Nxb4 {[%emt 0:00:01]} Bd2 {[%emt 0:00:00]} 26. Nc2 {[%emt 0:00:01]} Bxe1 {[%emt 0:00:01]} 27. Nxe1 {[%emt 0:00:00]} Rb8 {[%emt 0:00:01]} 28. Nf3 {[%emt 0:00:04]} Rxb2 {[%emt 0:00:01]} 29. Nxd4 {[%emt 0:00:02]} Rd2 {[%emt 0:00:00] Lamborghini gibt auf (Lag: Av=0.33s, max=0.6s)} 0-1

[Event "Stay Safe Play From Home 129"]
[Site "T#645801Emanuel Laske"]
[Date "2020.05.07"]
[Round "6"]
[White "SoulofWolf"]
[Black "Little champs"]
[Result "1/2-1/2"]
[WhiteElo "2226"]
[BlackElo "2193"]
[Annotator "NA"]
[PlyCount "193"]
[EventDate "2020.05.07"]
[EventType "swiss (blitz)"]

1. Nf3 {[%emt 0:00:00]} d5 {[%emt 0:00:06]} 2. c4 {[%emt 0:00:00]} c6 {[%emt 0:00:00]} 3. e3 {[%emt 0:00:01]} dxc4 {[%emt 0:00:01]} 4. Bxc4 {[%emt 0:00:00]} Nf6 {[%emt 0:00:00]} 5. a3 {[%emt 0:00:00]} e6 {[%emt 0:00:00]} 6. b4 {[%emt 0:00:00]} Be7 {[%emt 0:00:00]} 7. Bb2 {[%emt 0:00:00]} O-O {[%emt 0:00:00]} 8. d4 {[%emt 0:00:01]} a5 {[%emt 0:00:00]} 9. bxa5 {[%emt 0:00:01]} Rxa5 {[%emt 0:00:01]} 10. Nbd2 {[%emt 0:00:01]} b5 {[%emt 0:00:00]} 11. Bd3 {[%emt 0:00:01]} Ra8 {[%emt 0:00:01]} 12. O-O {[%emt 0:00:00]} Nbd7 {[%emt 0:00:01]} 13. Qe2 {[%emt 0:00:00]} Ba6 {[%emt 0:00:01]} 14. Rfc1 {[%emt 0:00:00]} Qb6 {[%emt 0:00:01]} 15. Ne5 {[%emt 0:00:01]} Nxe5 {[%emt 0:00:01]} 16. dxe5 {[%emt 0:00:01]} Nd7 {[%emt 0:00:01]} 17. Bd4 {[%emt 0:00:00]} c5 {[%emt 0:00:01]} 18. Bb2 {[%emt 0:00:02]} Rfc8 {[%emt 0:00:02]} 19. Qh5 {[%emt 0:00:00]} g6 {[%emt 0:00:01]} 20. Qh6 {[%emt 0:00:01]} Bf8 {[%emt 0:00:01]} 21. Qh3 {[%emt 0:00:01]} Bg7 {[%emt 0:00:01]} 22. f4 {[%emt 0:00:02]} c4 {[%emt 0:00:01]} 23. Bc2 {[%emt 0:00:03]} c3 {[%emt 0:00:01]} 24. Bxg6 {[%emt 0:00:07]} hxg6 {[%emt 0:00:02]} 25. Rxc3 {[%emt 0:00:01]} Rxc3 {[%emt 0:00:01]} 26. Bxc3 {[%emt 0:00:00]} Rc8 {[%emt 0:00:01]} 27. Bd4 {[%emt 0:00:00]} Qc6 {[%emt 0:00:03]} 28. Nf3 {[%emt 0:00:01]} Nf8 {[%emt 0:00:05]} 29. Qh4 {[%emt 0:00:05]} Bb7 {[%emt 0:00:02]} 30. Rf1 {[%emt 0:00:03]} Qd7 {[%emt 0:00:01]} 31. Ng5 {[%emt 0:00:01]} Rc2 {[%emt 0:00:02]} 32. Rf2 {[%emt 0:00:03]} Rxf2 {[%emt 0:00:02]} 33. Kxf2 {[%emt 0:00:00]} Qd5 {[%emt 0:00:00]} 34. Qg3 {[%emt 0:00:01]} Qa2+ {[%emt 0:00:01]} 35. Kf1 {[%emt 0:00:01]} Qxa3 {[%emt 0:00:01]} 36. Qe1 {[%emt 0:00:02]} b4 {[%emt 0:00:01]} 37. Qd1 {[%emt 0:00:04]} Ba6+ {[%emt 0:00:01]} 38. Kf2 {[%emt 0:00:01]} b3 {[%emt 0:00:01]} 39. Kg3 {[%emt 0:00:04]} b2 {[%emt 0:00:01]} 40. Qb1 {[%emt 0:00:01]} Bh6 {[%emt 0:00:02]} 41. Qxb2 {[%emt 0:00:01]} Qxb2 {[%emt 0:00:01]} 42. Bxb2 {[%emt 0:00:00]} Bxg5 {[%emt 0:00:00]} 43. fxg5 {[%emt 0:00:00]} Nd7 {[%emt 0:00:00]} 44. h4 {[%emt 0:00:02]} Bc4 {[%emt 0:00:00]} 45. Kf4 {[%emt 0:00:00]} Bd5 {[%emt 0:00:01]} 46. Bd4 {[%emt 0:00:00]} Nf8 {[%emt 0:00:01]} 47. g4 {[%emt 0:00:00]} Bc4 {[%emt 0:00:00]} 48. e4 {[%emt 0:00:00]} Nd7 {[%emt 0:00:00]} 49. Be3 {[%emt 0:00:01]} Bb3 {[%emt 0:00:00]} 50. Bf2 {[%emt 0:00:01]} Nb8 {[%emt 0:00:00]} 51. Be3 {[%emt 0:00:00]} Nc6 {[%emt 0:00:00]} 52. h5 {[%emt 0:00:00]} Nb4 {[%emt 0:00:01]} 53. hxg6 {[%emt 0:00:00]} fxg6 {[%emt 0:00:00]} 54. Bc5 {[%emt 0:00:00]} Kf7 {[%emt 0:00:00]} 55. Bxb4 {[%emt 0:00:01]} Bc4 {[%emt 0:00:00]} 56. Bd6 {[%emt 0:00:00]} Bb5 {[%emt 0:00:00]} 57. Be7 {[%emt 0:00:00]} Bd7 {[%emt 0:00:00]} 58. Bd6 {[%emt 0:00:00]} Ba4 {[%emt 0:00:00]} 59. Bc5 {[%emt 0:00:00]} Bb5 {[%emt 0:00:00]} 60. Be3 {[%emt 0:00:00]} Bf1 {[%emt 0:00:00]} 61. Bf2 {[%emt 0:00:00]} Bb5 {[%emt 0:00:00]} 62. Be3 {[%emt 0:00:00]} Bc6 {[%emt 0:00:00]} 63. Kf3 {[%emt 0:00:00]} Ba8 {[%emt 0:00:00]} 64. Bf2 {[%emt 0:00:00]} Bb7 {[%emt 0:00:00]} 65. Ke3 {[%emt 0:00:00]} Ba8 {[%emt 0:00:00]} 66. Kd3 {[%emt 0:00:00]} Bb7 {[%emt 0:00:00]} 67. Be3 {[%emt 0:00:00]} Ba8 {[%emt 0:00:00]} 68. Bf4 {[%emt 0:00:00]} Bb7 {[%emt 0:00:00]} 69. Kc4 {[%emt 0:00:00]} Ba8 {[%emt 0:00:00]} 70. Kc5 {[%emt 0:00:00]} Bxe4 {[%emt 0:00:00]} 71. Kd4 {[%emt 0:00:00]} Bf3 {[%emt 0:00:00]} 72. Bg3 {[%emt 0:00:01]} Bxg4 {[%emt 0:00:00]} 73. Ke3 {[%emt 0:00:00]} Bf5 {[%emt 0:00:00]} 74. Kf4 {[%emt 0:00:00]} Bb1 {[%emt 0:00:00]} 75. Bf2 {[%emt 0:00:00]} Bf5 {[%emt 0:00:00]} 76. Be3 {[%emt 0:00:00]} Ke7 {[%emt 0:00:00]} 77. Bd4 {[%emt 0:00:00]} Kd7 {[%emt 0:00:00]} 78. Be3 {[%emt 0:00:00]} Kc6 {[%emt 0:00:00]} 79. Bf2 {[%emt 0:00:00]} Kd5 {[%emt 0:00:00]} 80. Bg3 {[%emt 0:00:00]} Kc4 {[%emt 0:00:00]} 81. Bh4 {[%emt 0:00:00]} Kd3 {[%emt 0:00:00]} 82. Bg3 {[%emt 0:00:00]} Ke2 {[%emt 0:00:00]} 83. Bh2 {[%emt 0:00:00]} Kf1 {[%emt 0:00:00]} 84. Bg3 {[%emt 0:00:00]} Kg2 {[%emt 0:00:00]} 85. Bh4 {[%emt 0:00:01]} Kh3 {[%emt 0:00:00]} 86. Bg3 {[%emt 0:00:00]} Kg2 {[%emt 0:00:00]} 87. Be1 {[%emt 0:00:00]} Kf1 {[%emt 0:00:00]} 88. Ba5 {[%emt 0:00:00]} Ke2 {[%emt 0:00:00]} 89. Bb6 {[%emt 0:00:00]} Kd3 {[%emt 0:00:00]} 90. Bc7 {[%emt 0:00:00]} Kc4 {[%emt 0:00:00]} 91. Bd6 {[%emt 0:00:00]} Kd5 {[%emt 0:00:00]} 92. Be7 {[%emt 0:00:00]} Kc4 {[%emt 0:00:00]} 93. Bf6 {[%emt 0:00:00]} Kd5 {[%emt 0:00:00]} 94. Bg7 {[%emt 0:00:00]} Kc4 {[%emt 0:00:00]} 95. Bf6 {[%emt 0:00:00]} Kd3 {[%emt 0:00:00]} 96. Bg7 {[%emt 0:00:00]} Kc4 {[%emt 0:00:00]} 97. Bf6 {[%emt 0:00:00] (Lag: Av=0.59s, max=4.2s)} 1/2-1/2

[Event "Stay Safe Play From Home 129"]
[Site "T#645801Emanuel Laske"]
[Date "2020.05.07"]
[Round "6"]
[White "rohit2007"]
[Black "Chessencounter"]
[Result "0-1"]
[WhiteElo "2220"]
[BlackElo "2104"]
[Annotator "NA"]
[PlyCount "52"]
[EventDate "2020.05.07"]
[EventType "swiss (blitz)"]

1. e4 {[%emt 0:00:01]} e5 {[%emt 0:00:01]} 2. d4 {[%emt 0:00:01]} exd4 {[%emt 0:00:02]} 3. Nf3 {[%emt 0:00:00]} Nc6 {[%emt 0:00:01]} 4. c3 {[%emt 0:00:00]} dxc3 {[%emt 0:00:01]} 5. Nxc3 {[%emt 0:00:00]} d6 {[%emt 0:00:00]} 6. Bc4 {[%emt 0:00:00]} Bg4 {[%emt 0:00:01]} 7. O-O {[%emt 0:00:01]} Bxf3 {[%emt 0:00:01]} 8. Qxf3 {[%emt 0:00:01]} Ne5 {[%emt 0:00:01]} 9. Bd5 {[%emt 0:00:02]} Nxf3+ {[%emt 0:00:02]} 10. gxf3 {[%emt 0:00:01]} c6 {[%emt 0:00:01]} 11. Bc4 {[%emt 0:00:01]} Nf6 {[%emt 0:00:01]} 12. Kh1 {[%emt 0:00:01]} g6 {[%emt 0:00:01]} 13. Bg5 {[%emt 0:00:00]} Bg7 {[%emt 0:00:01]} 14. e5 {[%emt 0:00:02]} dxe5 {[%emt 0:00:01]} 15. Rad1 {[%emt 0:00:00]} Qe7 {[%emt 0:00:01]} 16. Rfe1 {[%emt 0:00:01]} O-O {[%emt 0:00:01]} 17. f4 {[%emt 0:00:01]} e4 {[%emt 0:00:03]} 18. Nxe4 {[%emt 0:00:01]} Qb4 {[%emt 0:00:03]} 19. Nxf6+ {[%emt 0:00:03]} Bxf6 {[%emt 0:00:01]} 20. Bxf6 {[%emt 0:00:01]} Qxc4 {[%emt 0:00:01]} 21. Be5 {[%emt 0:00:01]} Rae8 {[%emt 0:00:01]} 22. h4 {[%emt 0:00:01]} f6 {[%emt 0:00:01]} 23. Bd6 {[%emt 0:00:01]} Rxe1+ {[%emt 0:00:01]} 24. Rxe1 {[%emt 0:00:01]} Qd5+ {[%emt 0:00:00]} 25. Kh2 {[%emt 0:00:00]} Qxd6 {[%emt 0:00:00]} 26. h5 {[%emt 0:00:01] rohit2007 resigns} g5 {[%emt 0:00:01]} 0-1

[Event "Stay Safe Play From Home 129"]
[Site "T#645801Emanuel Laske"]
[Date "2020.05.07"]
[Round "6"]
[White "CastlingArrocco"]
[Black "Greblha"]
[Result "1-0"]
[WhiteElo "2045"]
[BlackElo "1916"]
[Annotator "NA"]
[PlyCount "61"]
[EventDate "2020.05.07"]
[EventType "swiss (blitz)"]

1. Nc3 {[%emt 0:00:00]} c6 {[%emt 0:00:00]} 2. e4 {[%emt 0:00:00]} d5 {[%emt 0:00:00]} 3. Nf3 {[%emt 0:00:01]} Nf6 {[%emt 0:00:01]} 4. e5 {[%emt 0:00:01]} Ne4 {[%emt 0:00:01]} 5. d4 {[%emt 0:00:01]} Bg4 {[%emt 0:00:02]} 6. Bd3 {[%emt 0:00:01]} Nxc3 {[%emt 0:00:02]} 7. bxc3 {[%emt 0:00:00]} e6 {[%emt 0:00:01]} 8. O-O {[%emt 0:00:01]} Nd7 {[%emt 0:00:01]} 9. h3 {[%emt 0:00:00]} Bh5 {[%emt 0:00:01]} 10. g4 {[%emt 0:00:02]} Bg6 {[%emt 0:00:03]} 11. Qe2 {[%emt 0:00:01]} b5 {[%emt 0:00:01]} 12. Bd2 {[%emt 0:00:01]} Nb6 {[%emt 0:00:02]} 13. Rab1 {[%emt 0:00:01]} a6 {[%emt 0:00:01]} 14. Bxg6 {[%emt 0:00:01]} hxg6 {[%emt 0:00:02]} 15. Kg2 {[%emt 0:00:02]} Be7 {[%emt 0:00:01]} 16. Rh1 {[%emt 0:00:02]} Nc4 {[%emt 0:00:01]} 17. Bf4 {[%emt 0:00:02]} Na3 {[%emt 0:00:01]} 18. Rb3 {[%emt 0:00:03]} Qa5 {[%emt 0:00:01]} 19. Ng5 {[%emt 0:00:02]} Nc4 {[%emt 0:00:02]} 20. Qd3 {[%emt 0:00:04]} Qxa2 {[%emt 0:00:01]} 21. h4 {[%emt 0:00:02]} Qa5 {[%emt 0:00:01]} 22. h5 {[%emt 0:00:01]} Qd8 {[%emt 0:00:01]} 23. hxg6 {[%emt 0:00:02]} Bxg5 {[%emt 0:00:01]} 24. Rxh8+ {[%emt 0:00:02]} Kd7 {[%emt 0:00:02]} 25. Rxd8+ {[%emt 0:00:01]} Rxd8 {[%emt 0:00:01]} 26. Bxg5 {[%emt 0:00:00]} Rh8 {[%emt 0:00:00]} 27. gxf7 {[%emt 0:00:01]} a5 {[%emt 0:00:03]} 28. Qg6 {[%emt 0:00:02]} a4 {[%emt 0:00:00]} 29. Qxg7 {[%emt 0:00:01]} Rd8 {[%emt 0:00:02]} 30. Bxd8 {[%emt 0:00:02]} Kxd8 {[%emt 0:00:01]} 31. f8=Q# {[%emt 0:00:00] (Lag: Av=0.27s, max=0.3s)} 1-0

[Event "Stay Safe Play From Home 129"]
[Site "T#645801Emanuel Laske"]
[Date "2020.05.07"]
[Round "6"]
[White "EL sanbary"]
[Black "Mepe_Nika"]
[Result "0-1"]
[WhiteElo "2001"]
[BlackElo "2302"]
[Annotator "TA"]
[PlyCount "90"]
[EventDate "2020.05.07"]
[EventType "swiss (blitz)"]

{[%evp 19,90,-4,-2,-16,27,0,0,0,35,29,31,22,32,39,36,37,29,32,44,35,75,51,49,30,43,39,99,94,114,88,147,116,125,76,125,117,139,131,156,106,276,250,286,160,263,170,313,295,292,284,280,278,258,254,247,133,137,0,0,-29984,-29985,-29985,-29986,-29986,-29987,-29987,0,-29988,-29989,-29989,-29990,-29990,-655]} 1. c4 c6 2. g3 d5 3. cxd5 cxd5 4. d4 Nc6 5. Bg2 Nf6 6. Nf3 Bf5 7. Nc3 e6 8. O-O Be7 9. Ne5 O-O 10. Nxc6 bxc6 11. Na4 {[#] D13: Slav Defence: Exchange variation without ...Bf5.} Be4 $146 ({Predecessor:} 11... Qa5 12. Bd2 Qb5 13. Rc1 Rfc8 14. Be3 Rab8 15. h3 h6 16. Kh2 Nd7 17. g4 Bd6+ 18. Kh1 Bg6 {0-1 (59) Bivol,A (2371)-Tomilova,E (2345) Sochi 2019}) 12. b3 Bxg2 13. Kxg2 {The position is equal.} Qa5 14. Bd2 Qc7 15. Bg5 h6 16. Bxf6 Bxf6 17. e3 Be7 18. Rc1 Rac8 19. Qd2 Qb7 20. Rc2 Rc7 21. Rfc1 Rfc8 22. Nc5 Bxc5 ({Black should try} 22... Qb6 $14) 23. Rxc5 $16 Qa6 24. R1c2 Qa3 ({Better is} 24... Rb7) 25. h4 Qa6 26. Qc1 Qb6 27. R2c3 Qa6 28. Qc2 Qb6 29. a3 {[%cal Ba2a3,Ba3a4][%mdl 32]} Qa6 $2 (29... a5 $16) 30. b4 $1 $18 Qb6 {[#]} 31. Qb3 (31. b5 $1 $18 {[%cal Rc5c6][%mdl 512]} Kf8 (31... cxb5 32. Rxc7) 32. Rxc6 (32. bxc6 f5 $18) 32... Rxc6 33. Rxc6 Rxc6 34. bxc6) 31... Qa6 (31... Kf8 $16 32. Qc2 a6) 32. a4 Qe2 (32... Qb6 {was called for.} 33. Rc2 g5) 33. b5 g5 {intending ...gxh4.} 34. hxg5 ({Worse is} 34. bxc6 gxh4 35. Qc2 Qg4 $11) 34... hxg5 35. Rxc6 Rxc6 36. Rxc6 {[%mdl 4096] Endgame KQR-KQR} ({Not} 36. bxc6 g4 $11) 36... Rf8 37. b6 (37. Qc2 $18 Qe1 38. b6 axb6 39. Rxb6) 37... axb6 $16 38. Qxb6 ({White should play} 38. Rxb6 $16 g4 39. Rb8) 38... g4 $11 {( -> ...Kg7)} 39. Qb1 $2 {[%mdl 8192]} (39. Qc7 $11) 39... Qf3+ 40. Kg1 {[#]} Kg7 $1 41. Qf1 Rh8 {[%csl Gf3][%cal Rh8h1]} 42. Qg2 Qd1+ {[%mdl 64] Double Attack} 43. Qf1 {[#]} Rh1+ $1 {[%mdl 576] Skewer, Deflection. Black mates.} 44. Kxh1 Qxf1+ 45. Kh2 Qxf2+ {[%mdl 64] Double Attack. Accuracy: White = 51%, Black = 53%.} 0-1

[Event "Stay Safe Play From Home 129"]
[Site "T#645801Emanuel Laske"]
[Date "2020.05.07"]
[Round "6"]
[White "Lazieri3"]
[Black "Klausen"]
[Result "1-0"]
[WhiteElo "2000"]
[BlackElo "1773"]
[Annotator "NA"]
[PlyCount "87"]
[EventDate "2020.05.07"]
[EventType "swiss (blitz)"]

1. e4 {[%emt 0:00:01]} e6 {[%emt 0:00:01]} 2. Nc3 {[%emt 0:00:00]} d5 {[%emt 0:00:01]} 3. Nf3 {[%emt 0:00:00]} Nf6 {[%emt 0:00:02]} 4. e5 {[%emt 0:00:01]} Nfd7 {[%emt 0:00:01]} 5. d4 {[%emt 0:00:00]} c5 {[%emt 0:00:01]} 6. dxc5 {[%emt 0:00:00]} Nxc5 {[%emt 0:00:02]} 7. Bf4 {[%emt 0:00:00]} Nc6 {[%emt 0:00:01]} 8. Bd3 {[%emt 0:00:02]} Nxd3+ {[%emt 0:00:02]} 9. cxd3 {[%emt 0:00:00]} Be7 {[%emt 0:00:01]} 10. d4 {[%emt 0:00:01]} O-O {[%emt 0:00:02]} 11. O-O {[%emt 0:00:01]} f6 {[%emt 0:00:01]} 12. exf6 {[%emt 0:00:01]} Bxf6 {[%emt 0:00:01]} 13. Bg3 {[%emt 0:00:01]} Qb6 {[%emt 0:00:02]} 14. Ne5 {[%emt 0:00:03]} Nxd4 {[%emt 0:00:04]} 15. Re1 {[%emt 0:00:08]} Nf5 {[%emt 0:00:02]} 16. Ng4 {[%emt 0:00:03]} Nxg3 {[%emt 0:00:02]} 17. hxg3 {[%emt 0:00:04]} Bxc3 {[%emt 0:00:02]} 18. bxc3 {[%emt 0:00:02]} h5 {[%emt 0:00:01]} 19. Rb1 {[%emt 0:00:03]} Qc5 {[%emt 0:00:04]} 20. Ne5 {[%emt 0:00:05]} Qxf2+ {[%emt 0:00:03]} 21. Kh2 {[%emt 0:00:01]} Qf5 {[%emt 0:00:03]} 22. Qe2 {[%emt 0:00:09]} h4 {[%emt 0:00:01]} 23. gxh4 {[%emt 0:00:02]} Qf4+ {[%emt 0:00:01]} 24. g3 {[%emt 0:00:02]} Qf2+ {[%emt 0:00:01]} 25. Kh3 {[%emt 0:00:01]} Qc5 {[%emt 0:00:03]} 26. Nd3 {[%emt 0:00:02]} Qxc3 {[%emt 0:00:02]} 27. Nf4 {[%emt 0:00:00]} Qf6 {[%emt 0:00:02]} 28. Kh2 {[%emt 0:00:01]} Qf5 {[%emt 0:00:02]} 29. Qe5 {[%emt 0:00:02]} Qxe5 {[%emt 0:00:03]} 30. Rxe5 {[%emt 0:00:00]} Re8 {[%emt 0:00:00]} 31. Rbe1 {[%emt 0:00:00]} Bd7 {[%emt 0:00:01]} 32. Nxe6 {[%emt 0:00:00]} Bxe6 {[%emt 0:00:01]} 33. Rxe6 {[%emt 0:00:00]} Rxe6 {[%emt 0:00:00]} 34. Rxe6 {[%emt 0:00:00]} Rd8 {[%emt 0:00:00]} 35. Re2 {[%emt 0:00:00]} d4 {[%emt 0:00:01]} 36. Rd2 {[%emt 0:00:00]} d3 {[%emt 0:00:01]} 37. Kg2 {[%emt 0:00:00]} Kf7 {[%emt 0:00:00]} 38. g4 {[%emt 0:00:00]} Kf6 {[%emt 0:00:01]} 39. Kf3 {[%emt 0:00:00]} Ke5 {[%emt 0:00:00]} 40. Ke3 {[%emt 0:00:00]} Rd4 {[%emt 0:00:01]} 41. Rxd3 {[%emt 0:00:00]} Rxg4 {[%emt 0:00:01]} 42. Rd7 {[%emt 0:00:01]} Rg3+ {[%emt 0:00:00]} 43. Kf2 {[%emt 0:00:01]} Rg4 {[%emt 0:00:00]} 44. Re7+ {[%emt 0:00:00] Zeit ' (Lag: Av=0.93s, max=1.7s)} 1-0